आक्रोश (बेरड समाज व देवदासीच्या व्यथा वेशीवर टांगणाऱ्या चळवळीची सत्यकथा) (Record no. 144898)

MARC details
000 -LEADER
fixed length control field 01007nam a2200181Ia 4500
008 - FIXED-LENGTH DATA ELEMENTS--GENERAL INFORMATION
fixed length control field 090124s9999 xx 000 0 und d
082 ## - DEWEY DECIMAL CLASSIFICATION NUMBER
Item number 31419
Classification number 4301
100 ## - MAIN ENTRY--PERSONAL NAME
Personal name गस्ती भीमराव
245 ## - TITLE STATEMENT
Title आक्रोश (बेरड समाज व देवदासीच्या व्यथा वेशीवर टांगणाऱ्या चळवळीची सत्यकथा)
250 ## - EDITION STATEMENT
Edition statement 2
260 ## - PUBLICATION, DISTRIBUTION, ETC. (IMPRINT)
Date of publication, distribution, etc 2002
300 ## - PHYSICAL DESCRIPTION
Extent 391
600 ## - SUBJECT ADDED ENTRY--PERSONAL NAME
Personal name गस्ती भीमराव
630 ## - SUBJECT ADDED ENTRY--UNIFORM TITLE
Uniform title आक्रोश (बेरड समाज व देवदासीच्या व्यथा वेशीवर टांगणाऱ्या चळवळीची सत्यकथा)
700 ## - ADDED ENTRY--PERSONAL NAME
Personal name गस्ती भीमराव
730 ## - ADDED ENTRY--UNIFORM TITLE
Uniform title आक्रोश (बेरड समाज व देवदासीच्या व्यथा वेशीवर टांगणाऱ्या चळवळीची सत्यकथा)
942 ## - ADDED ENTRY ELEMENTS (KOHA)
Koha item type Book
Holdings
Withdrawn status Lost status Damaged status Not for loan Home library Current library Date acquired Cost, normal purchase price Total Checkouts Full call number Barcode Date last seen Cost, replacement price Price effective from Koha item type
        Marathi Granth Sangrahalaya,Thane Marathi Granth Sangrahalaya,Thane   200.00   31419 THNMGS-31419 01/24/2009 200.00 01/24/2009 Book